Europe Real Estate Directory (Record no. 120251)

MARC details
000 -LEADER
fixed length control field 00551cam a2200145 4500
001 - CONTROL NUMBER
control field WS121832
008 - FIXED-LENGTH DATA ELEMENTS--GENERAL INFORMATION
fixed length control field 030331n 000 0 eng u
035 ## - SYSTEM CONTROL NUMBER
System control number (Sirsi) u121832
245 ## - TITLE STATEMENT
Title Europe Real Estate Directory
520 ## - SUMMARY, ETC.
Summary, etc. Web site for this portal which is designed to be a one-stop destination for anything related to European real estate by country.
650 ## - SUBJECT ADDED ENTRY--TOPICAL TERM
Topical term or geographic name entry element EUROPE
650 ## - SUBJECT ADDED ENTRY--TOPICAL TERM
Topical term or geographic name entry element INTERNATIONAL
856 40 - ELECTRONIC LOCATION AND ACCESS
Uniform Resource Identifier <a href="https://www.europerealestatedirectory.com">https://www.europerealestatedirectory.com</a>
Public note View the website free of charge at www.europerealestatedirectory.com...
942 ## - ADDED ENTRY ELEMENTS (KOHA)
Suppress in OPAC 0
Holdings
Withdrawn status Lost status Source of classification or shelving scheme Damaged status Not for loan Home library Current library Shelving location Date acquired Total Checkouts Full call number Barcode Date last seen Copy number Price effective from Koha item type
    Dewey Decimal Classification     Virtual Virtual Online 31/03/2003   WEB SITE 121832-2001 06/08/2019 1 06/08/2019 Online material